[Event "Continental Absoluto Americas 2011"]
[Site "Toluca MEX"]
[Date "2011.04.19"]
[Round "1"]
[White "Bruzon Batista, Lazaro"]
[Black "Bringas Osuna, Ivan Jarek"]
[Result "1-0"]
[WhiteElo "2668"]
[BlackElo "2119"]
[PlyCount "67"]
[EventDate "2011.04.14"]
[EventType "swiss"]
[EventRounds "9"]
[EventCountry "MEX"]
[Source "lmi"]
[SourceDate "2011.04.19"]

1. d4 Nf6 2. c4 g6 3. g3 Bg7 4. Bg2 O-O 5. Nc3 d6 6. Nf3 Nbd7 7. O-O c5 8. d5
Rb8 9. a4 Ne8 10. e4 b6 11. Qe2 Ne5 12. Ne1 Nc7 13. Nc2 a6 14. h3 f5 15. f4 Nf7
16. exf5 Bxf5 17. Na3 e5 18. Kh2 exf4 19. Bxf4 Ne5 20. Qd2 Re8 21. Rae1 Nf7 22.
Rxe8+ Qxe8 23. g4 Bd7 24. Ne4 Qe7 25. b3 b5 26. axb5 axb5 27. Nxc5 Bxg4 28.
hxg4 dxc5 29. Nxb5 Be5 30. d6 Qh4+ 31. Kg1 Nxb5 32. Bxe5 Nfxd6 33. Bxd6 Rd8 34.
Qd5+ 1-0

[Event "Continental Absoluto Americas 2011"]
[Site "Toluca MEX"]
[Date "2011.04.19"]
[Round "1"]
[White "German Montoya, Gabriel"]
[Black "Vescovi, Giovanni"]
[Result "0-1"]
[WhiteElo "2114"]
[BlackElo "2634"]
[PlyCount "60"]
[EventDate "2011.04.14"]
[EventType "swiss"]
[EventRounds "9"]
[EventCountry "MEX"]
[Source "lmi"]
[SourceDate "2011.04.19"]

1. e4 c5 2. Nf3 e6 3. d4 cxd4 4. Nxd4 Nc6 5. Nb5 d6 6. Bf4 e5 7. Be3 Be6 8. c4
Be7 9. Bd3 Nf6 10. f3 O-O 11. g4 a6 12. N5c3 b5 13. cxb5 axb5 14. Bxb5 Nb4 15.
O-O d5 16. exd5 Nfxd5 17. Nxd5 Nxd5 18. Bf2 Qa5 19. a4 e4 20. fxe4 Nf6 21. h3
Nxe4 22. Be3 Qc7 23. Qe1 Bd6 24. Be2 Bg3 25. Qc1 Bh2+ 26. Kg2 Qg3+ 27. Kh1 Qxh3
28. Rf3 Ng3+ 29. Rxg3 Bxg3+ 30. Kg1 Bd5 0-1

[Event "Continental Absoluto Americas 2011"]
[Site "Toluca MEX"]
[Date "2011.04.19"]
[Round "1"]
[White "Sanchez Garcia, Iosif"]
[Black "Corrales Jimenez, Fidel"]
[Result "0-1"]
[WhiteElo "2108"]
[BlackElo "2597"]
[PlyCount "64"]
[EventDate "2011.04.14"]
[EventType "swiss"]
[EventRounds "9"]
[EventCountry "MEX"]
[Source "lmi"]
[SourceDate "2011.04.19"]

1. e4 c5 2. c3 d5 3. exd5 Qxd5 4. d4 Nf6 5. Nf3 e6 6. Be3 cxd4 7. cxd4 Nc6 8.
Nc3 Qd6 9. Bd3 Be7 10. O-O O-O 11. a3 b6 12. Qe2 Bb7 13. Rad1 Rfd8 14. Rfe1 Ng4
15. Bxh7+ Kxh7 16. Ne4 Qd5 17. Nfg5+ Kg6 18. Qxg4 f5 19. Qf4 e5 20. Qh4 Rh8 21.
Qg3 fxe4 22. dxe5 Qxe5 23. Bf4 Qf5 24. Rd6+ Bxd6 25. Nxe4+ Kh7 26. Nxd6 Qd5 27.
Nxb7 Rhe8 28. Qh4+ Kg8 29. Ra1 Nd4 30. Nd6 Ne2+ 31. Kh1 Nxf4 32. Qxf4 Rad8 0-1

[Event "Continental Absoluto Americas 2011"]
[Site "Toluca MEX"]
[Date "2011.04.19"]
[Round "1"]
[White "Lafuente, Pablo"]
[Black "Cataneo Esparza, Rene Javier"]
[Result "1-0"]
[WhiteElo "2572"]
[BlackElo "2100"]
[PlyCount "65"]
[EventDate "2011.04.14"]
[EventType "swiss"]
[EventRounds "9"]
[EventCountry "MEX"]
[Source "lmi"]
[SourceDate "2011.04.19"]

1. d4 Nf6 2. c4 e6 3. Nf3 d5 4. g3 b6 5. Bg2 Be7 6. O-O O-O 7. Ne5 Bb7 8. Nc3
Ne8 9. cxd5 exd5 10. Bf4 f6 11. Nd3 c6 12. e4 dxe4 13. Bxe4 f5 14. Bg2 Nd7 15.
d5 cxd5 16. Nxd5 Bd6 17. Re1 Qb8 18. Re7 Bxf4 19. Rxd7 Bc7 20. Rc1 Bxd5 21.
Bxd5+ Kh8 22. Bxa8 Qxa8 23. Rdxc7 Nxc7 24. Rxc7 Qd5 25. Qb3 Qd6 26. Qc3 Rg8 27.
Nf4 h6 28. Rc6 Qd1+ 29. Kg2 Kh7 30. Qe5 Qb1 31. Rc7 a6 32. Nh5 Kg6 33. Nxg7 1-0

[Event "Continental Absoluto Americas 2011"]
[Site "Toluca MEX"]
[Date "2011.04.21"]
[Round "3"]
[White "Bruzon Batista, Lazaro"]
[Black "Escobar Forero, Alder"]
[Result "1-0"]
[WhiteElo "2668"]
[BlackElo "2470"]
[PlyCount "77"]
[EventDate "2011.04.14"]
[EventType "swiss"]
[EventRounds "9"]
[EventCountry "MEX"]
[Source "lmi"]
[SourceDate "2011.04.19"]

1. d4 Nf6 2. c4 g6 3. Nc3 Bg7 4. e4 d6 5. Nf3 O-O 6. h3 c6 7. Be3 a6 8. c5 b5
9. cxb6 Qxb6 10. Rb1 a5 11. Bd3 Ba6 12. O-O Nbd7 13. Re1 Bxd3 14. Qxd3 Qa6 15.
Qd2 Rfb8 16. Bh6 e5 17. dxe5 dxe5 18. Bxg7 Kxg7 19. b3 Rb4 20. Rbd1 Re8 21. Qc2
Qb7 22. Na4 c5 23. Nd2 Rd4 24. Nc4 Qc7 25. Nc3 Rb8 26. a4 Qc6 27. Nb5 Rxd1 28.
Rxd1 Nf8 29. f3 N6d7 30. Qc3 Qf6 31. Qxa5 Re8 32. Nc7 Rb8 33. Nb5 Qg5 34. Qc3
Re8 35. a5 Nf6 36. Nc7 Re7 37. Nd5 Nxd5 38. exd5 f6 39. Nd6 1-0

[Event "Continental Absoluto Americas 2011"]
[Site "Toluca MEX"]
[Date "2011.04.21"]
[Round "3"]
[White "Gongora Reyes, Maikel"]
[Black "Corrales Jimenez, Fidel"]
[Result "1/2-1/2"]
[WhiteElo "2452"]
[BlackElo "2597"]
[PlyCount "72"]
[EventDate "2011.04.14"]
[EventType "swiss"]
[EventRounds "9"]
[EventCountry "MEX"]
[Source "lmi"]
[SourceDate "2011.04.19"]

1. d4 Nf6 2. c4 e6 3. Nc3 Bb4 4. Qc2 d5 5. cxd5 exd5 6. Bg5 h6 7. Bh4 c5 8.
dxc5 g5 9. Bg3 Ne4 10. O-O-O Bxc3 11. f3 Bd2+ 12. Rxd2 Nxd2 13. Qxd2 Nc6 14. e3
Be6 15. Bb5 f6 16. Ne2 Kf7 17. Bxc6 bxc6 18. Nd4 Bd7 19. Bd6 Qc8 20. Qa5 Re8
21. Kd2 g4 22. fxg4 Bxg4 23. Qc7+ Qxc7 24. Bxc7 Bd7 25. Bf4 h5 26. g3 a5 27. b3
Ra7 28. a3 Re7 29. h4 Re8 30. Kc3 Rea8 31. Rf1 Kg6 32. Rf2 Kg7 33. Kd3 Kg6 34.
Kc3 Kg7 35. Rb2 Kg6 36. Rf2 Kg7 1/2-1/2

[Event "Continental Absoluto Americas 2011"]
[Site "Toluca MEX"]
[Date "2011.04.21"]
[Round "3"]
[White "Lafuente, Pablo"]
[Black "Martin Del Campo C., Roberto"]
[Result "1-0"]
[WhiteElo "2572"]
[BlackElo "2415"]
[PlyCount "85"]
[EventDate "2011.04.14"]
[EventType "swiss"]
[EventRounds "9"]
[EventCountry "MEX"]
[Source "lmi"]
[SourceDate "2011.04.19"]

1. d4 Nf6 2. c4 g6 3. Nf3 Bg7 4. g3 O-O 5. Bg2 d6 6. Nc3 Nc6 7. O-O Bg4 8. Be3
Nd7 9. Rc1 e5 10. dxe5 Bxf3 11. exf3 Ncxe5 12. Qe2 f5 13. Qd2 Kh8 14. b3 Nc5
15. f4 Nc6 16. Rb1 a5 17. a3 Qf6 18. Ne2 Rfe8 19. Qd5 Ne7 20. Qd4 Nc6 21. Qd5
Ne7 22. Qd2 Nc6 23. Rfe1 Re7 24. Kf1 h5 25. Bxc6 bxc6 26. Bxc5 dxc5 27. Ng1 a4
28. bxa4 Rxe1+ 29. Rxe1 Qd4 30. Qc2 Qc3 31. Qxc3 Bxc3 32. Re6 Rxa4 33. Rxc6
Rxc4 34. Nf3 Bb2 35. Rxc7 Kg8 36. Nh4 Rc1+ 37. Kg2 Rc2 38. Nxg6 Bd4 39. Ne7+
Kh8 40. Nxf5 Bxf2 41. Kh3 c4 42. Kh4 Bb6 43. Rc6 1-0

[Event "Continental Absoluto Americas 2011"]
[Site "Toluca MEX"]
[Date "2011.04.21"]
[Round "3"]
[White "Leon Hoyos, Manuel"]
[Black "Huertas Carballo, Dayron"]
[Result "1-0"]
[WhiteElo "2546"]
[BlackElo "2354"]
[PlyCount "69"]
[EventDate "2011.04.14"]
[EventType "swiss"]
[EventRounds "9"]
[EventCountry "MEX"]
[Source "lmi"]
[SourceDate "2011.04.19"]

1. c4 e6 2. g3 d5 3. Nf3 c6 4. b3 d4 5. Bg2 c5 6. O-O Nc6 7. d3 Be7 8. e3 dxe3
9. Bxe3 Bf6 10. Na3 Bxa1 11. Qxa1 f6 12. Bxc5 Nge7 13. Nb5 O-O 14. d4 Bd7 15.
Re1 a6 16. Nd6 Qc7 17. Bh3 b6 18. Ba3 b5 19. Qc3 Rfb8 20. Bc5 Nd8 21. Nd2 bxc4
22. bxc4 Nec6 23. N2e4 f5 24. Ng5 h6 25. Nf3 Nb7 26. Nxb7 Rxb7 27. d5 Nd8 28.
Bd4 Bc8 29. Qd3 Qa5 30. Bc3 Qc5 31. Nd4 Qd6 32. Bg2 Rab8 33. dxe6 Bxe6 34. c5
Qxc5 35. Nxe6 1-0

[Event "Continental Absoluto Americas 2011"]
[Site "Toluca MEX"]
[Date "2011.04.21"]
[Round "4"]
[White "Cori Tello, Jorge"]
[Black "Bruzon Batista, Lazaro"]
[Result "1/2-1/2"]
[WhiteElo "2485"]
[BlackElo "2668"]
[PlyCount "56"]
[EventDate "2011.04.14"]
[EventType "swiss"]
[EventRounds "9"]
[EventCountry "MEX"]
[Source "lmi"]
[SourceDate "2011.04.19"]

1. d4 Nf6 2. Nf3 d5 3. c4 c6 4. Nc3 dxc4 5. a4 e6 6. e3 c5 7. Bxc4 Nc6 8. O-O
cxd4 9. exd4 Be7 10. d5 exd5 11. Nxd5 Nxd5 12. Qxd5 Be6 13. Qxd8+ Rxd8 14. Bxe6
fxe6 15. Be3 Kf7 16. Rfd1 Rd5 17. Kf1 Rhd8 18. Ke2 Bf6 19. Rd2 R8d7 20. Rb1 h6
21. h3 a6 22. b3 Bc3 23. Rc2 Rd3 24. Rbc1 Bf6 25. Rd2 R3d5 26. Rc5 Ne7 27. Rc4
Nf5 28. Rdc2 Nxe3 1/2-1/2

[Event "Continental Absoluto Americas 2011"]
[Site "Toluca MEX"]
[Date "2011.04.21"]
[Round "4"]
[White "Rios, Cristhian Camilo"]
[Black "Friedel, Joshua E"]
[Result "0-1"]
[WhiteElo "2409"]
[BlackElo "2529"]
[PlyCount "82"]
[EventDate "2011.04.14"]
[EventType "swiss"]
[EventRounds "9"]
[EventCountry "MEX"]
[Source "lmi"]
[SourceDate "2011.04.19"]

1. d4 Nf6 2. c4 e6 3. Nc3 Bb4 4. e3 O-O 5. Nge2 d5 6. a3 Be7 7. Ng3 c5 8. dxc5
Bxc5 9. b4 Be7 10. cxd5 exd5 11. Be2 Be6 12. Bb2 Nc6 13. O-O d4 14. exd4 Qxd4
15. Qc1 Qh4 16. Qe3 Nd4 17. Rad1 Nxe2+ 18. Qxe2 Rfe8 19. Nge4 Nxe4 20. Qxe4
Qxe4 21. Nxe4 Rec8 22. Rc1 b6 23. Be5 Rxc1 24. Rxc1 Rd8 25. h3 f6 26. Bg3 a5
27. Rc7 Kf8 28. bxa5 bxa5 29. Nc5 Bf5 30. Nb3 a4 31. Nc5 Rd1+ 32. Kh2 Rd4 33.
f3 Ke8 34. Nb7 Bxa3 35. Rxg7 Bf8 36. Rc7 a3 37. Rc6 a2 38. Ra6 Bb1 39. Bf2 Rd5
40. Ra4 Bb4 41. Ra8+ Kf7 0-1

[Event "Continental Absoluto Americas 2011"]
[Site "Toluca MEX"]
[Date "2011.04.21"]
[Round "4"]
[White "Vescovi, Giovanni"]
[Black "Gongora Reyes, Maikel"]
[Result "1-0"]
[WhiteElo "2634"]
[BlackElo "2452"]
[PlyCount "53"]
[EventDate "2011.04.14"]
[EventType "swiss"]
[EventRounds "9"]
[EventCountry "MEX"]
[Source "lmi"]
[SourceDate "2011.04.19"]

1. d4 d5 2. c4 c6 3. Nf3 Nf6 4. e3 Bf5 5. Nc3 e6 6. Nh4 Be4 7. f3 Bg6 8. g3
Nbd7 9. Be2 a6 10. O-O Bd6 11. Bd2 O-O 12. c5 Bc7 13. Nxg6 hxg6 14. f4 b5 15.
Bf3 Ba5 16. Qc2 Qc7 17. g4 Nh7 18. f5 gxf5 19. gxf5 Bxc3 20. bxc3 Ng5 21. e4
Nxf3+ 22. Rxf3 e5 23. Kh1 f6 24. Rg1 Rf7 25. Rfg3 Re8 26. Bh6 Ree7 27. Qg2 1-0

[Event "Continental Absoluto Americas 2011"]
[Site "Toluca MEX"]
[Date "2011.04.21"]
[Round "4"]
[White "Corrales Jimenez, Fidel"]
[Black "Arenas, David"]
[Result "1-0"]
[WhiteElo "2597"]
[BlackElo "2420"]
[PlyCount "113"]
[EventDate "2011.04.14"]
[EventType "swiss"]
[EventRounds "9"]
[EventCountry "MEX"]
[Source "lmi"]
[SourceDate "2011.04.19"]

1. e4 c5 2. Nf3 d6 3. d4 Nf6 4. Nc3 cxd4 5. Nxd4 g6 6. Be3 Bg7 7. f3 O-O 8. Qd2
Nc6 9. O-O-O d5 10. exd5 Nxd5 11. Nxc6 bxc6 12. Bd4 Bxd4 13. Qxd4 Qc7 14. Bc4
Nb6 15. Rhe1 Nxc4 16. Qxc4 Be6 17. Qh4 Rab8 18. Re4 Kg7 19. Qg5 h6 20. Qe5+
Qxe5 21. Rxe5 Rfd8 22. Rde1 Rb4 23. b3 Rh4 24. h3 Rhd4 25. R1e2 Kf8 26. Rc5 Rc8
27. Rce5 Rd7 28. Ra5 Rb7 29. Ree5 Rcc7 30. Na4 Bd7 31. c4 Be8 32. Ra6 e6 33.
Rea5 Re7 34. Nc5 Rbc7 35. f4 f6 36. Ne4 Rf7 37. h4 f5 38. Nc5 Kg7 39. Nd3 Rfe7
40. Ne5 Kf6 41. Nf3 Rf7 42. Kc2 c5 43. g3 Rg7 44. Rd6 Bc6 45. Ne5 Be4+ 46. Kb2
g5 47. Raa6 Rce7 48. Ka3 gxf4 49. gxf4 Bb1 50. Rd1 Be4 51. h5 Rg4 52. Rd7 Rxf4
53. Rxe7 Kxe5 54. Raxe6+ Kd4 55. Rxh6 Rf2 56. Rd6+ Ke3 57. h6 1-0

[Event "Continental Absoluto Americas 2011"]
[Site "Toluca MEX"]
[Date "2011.04.21"]
[Round "4"]
[White "De La Paz Perdomo, Frank"]
[Black "Leon Hoyos, Manuel"]
[Result "1-0"]
[WhiteElo "2473"]
[BlackElo "2546"]
[PlyCount "101"]
[EventDate "2011.04.14"]
[EventType "swiss"]
[EventRounds "9"]
[EventCountry "MEX"]
[Source "lmi"]
[SourceDate "2011.04.19"]

1. e4 c5 2. Nf3 d6 3. d4 cxd4 4. Nxd4 Nf6 5. Nc3 Nc6 6. Bg5 e6 7. Qd2 a6 8.
O-O-O Be7 9. f3 Nxd4 10. Qxd4 b5 11. h4 Bb7 12. Kb1 Rc8 13. Qd2 O-O 14. Ne2 h6
15. Be3 d5 16. e5 Nd7 17. f4 Nc5 18. Nd4 f6 19. g3 fxe5 20. fxe5 Qc7 21. Bh3
Qxe5 22. Bf4 Qf6 23. Qe2 Rfe8 24. Rhf1 Bf8 25. Bd6 Qg6 26. h5 Qg5 27. Bxf8 Rxf8
28. Bxe6+ Nxe6 29. Qxe6+ Kh7 30. Qd7 Rxf1 31. Rxf1 Qe5 32. Ne6 Rg8 33. Qf7 d4
34. Nf8+ Rxf8 35. Qxf8 Qe2 36. Qf5+ Kg8 37. Qf8+ Kh7 38. Qf2 Qxh5 39. Qxd4 Qg6
40. Qe5 Be4 41. Rf2 Qc6 42. b3 Kh8 43. Kb2 b4 44. Qd4 a5 45. Rd2 Bg6 46. g4 Qe6
47. Qc4 Qf6+ 48. Rd4 Qf8 49. Rd5 Qf2 50. Rxa5 Qf6+ 51. Kb1 1-0

[Event "Continental Absoluto Americas 2011"]
[Site "Toluca MEX"]
[Date "2011.04.22"]
[Round "5"]
[White "Barrientos, Sergio E"]
[Black "Lafuente, Pablo"]
[Result "1/2-1/2"]
[WhiteElo "2499"]
[BlackElo "2572"]
[PlyCount "65"]
[EventDate "2011.04.14"]
[EventType "swiss"]
[EventRounds "9"]
[EventCountry "MEX"]
[Source "lmi"]
[SourceDate "2011.04.19"]

1. e4 e5 2. Nf3 Nc6 3. Bb5 a6 4. Ba4 Nf6 5. O-O Be7 6. Re1 b5 7. Bb3 d6 8. c3
O-O 9. d4 Bg4 10. d5 Na5 11. Bc2 c6 12. h3 Bc8 13. dxc6 Qc7 14. Nbd2 Qxc6 15.
a4 Bd7 16. Nf1 h6 17. Nh4 Rfc8 18. Ne3 Qc7 19. Nhf5 Bf8 20. Qf3 Qd8 21. Ng4
Nxg4 22. Qxg4 Kh7 23. Qd1 Be6 24. Ne3 Nc4 25. Nd5 Kg8 26. Qd3 Rab8 27. axb5
axb5 28. b3 Nb6 29. f4 Nd7 30. Rf1 Bxd5 31. exd5 e4 32. Qxe4 Nf6 33. Qd4
1/2-1/2

[Event "Continental Absoluto Americas 2011"]
[Site "Toluca MEX"]
[Date "2011.04.22"]
[Round "5"]
[White "Bruzon Batista, Lazaro"]
[Black "Yermolinsky, Alex"]
[Result "1-0"]
[WhiteElo "2668"]
[BlackElo "2530"]
[PlyCount "47"]
[EventDate "2011.04.14"]
[EventType "swiss"]
[EventRounds "9"]
[EventCountry "MEX"]
[Source "lmi"]
[SourceDate "2011.04.19"]

1. e4 c6 2. d4 d5 3. e5 c5 4. Nf3 Nc6 5. c4 e6 6. Nc3 cxd4 7. Nxd4 Nge7 8. Ndb5
Nxe5 9. Qa4 N7c6 10. cxd5 exd5 11. Bf4 f6 12. Nxd5 Kf7 13. O-O-O Qa5 14. Qb3
Be6 15. Bxe5 Nxe5 16. f4 Rc8+ 17. Nbc3 Nd7 18. f5 Rxc3+ 19. Qxc3 Qxc3+ 20. Nxc3
Bxf5 21. Bc4+ Kg6 22. g4 Be4 23. Rhg1 Ne5 24. Be2 1-0

[Event "Continental Absoluto Americas 2011"]
[Site "Toluca MEX"]
[Date "2011.04.22"]
[Round "5"]
[White "Gonzalez Garcia, Jose"]
[Black "Corrales Jimenez, Fidel"]
[Result "1-0"]
[WhiteElo "2511"]
[BlackElo "2597"]
[PlyCount "121"]
[EventDate "2011.04.14"]
[EventType "swiss"]
[EventRounds "9"]
[EventCountry "MEX"]
[Source "lmi"]
[SourceDate "2011.04.19"]

1. d4 Nf6 2. c4 e6 3. Nf3 b6 4. g3 Ba6 5. Qa4 Bb7 6. Bg2 c5 7. dxc5 bxc5 8. O-O
Be7 9. Nc3 O-O 10. Rd1 a6 11. Bf4 d6 12. b4 Bc6 13. Qa3 cxb4 14. Qxb4 Ne8 15.
Bxd6 Bxd6 16. c5 Bxc5 17. Qxc5 Qc7 18. Nd4 Bxg2 19. Qxc7 Nxc7 20. Kxg2 Re8 21.
Rab1 Ra7 22. Rb4 Kf8 23. Rdb1 Nd7 24. Nc6 Raa8 25. Ne4 Nb5 26. a4 Na7 27. Na5
Reb8 28. Nc5 Rxb4 29. Nxd7+ Ke7 30. Rxb4 Kxd7 31. Rb7+ Ke8 32. Nc4 Nc8 33. a5
Ne7 34. Nb6 Rd8 35. Ra7 Nc6 36. Rxa6 Nb4 37. Ra8 Rxa8 38. Nxa8 Kd7 39. h4 Kc6
40. Kf3 Na6 41. Nb6 f6 42. e4 Nc7 43. g4 Ne8 44. Ke3 Nd6 45. f4 e5 46. fxe5
fxe5 47. Kd3 g5 48. h5 Kb5 49. Nd7 Nf7 50. a6 Kxa6 51. Kc4 Nh6 52. Nxe5 Ng8 53.
Nd7 Kb7 54. Kd5 Kc7 55. Ke6 Kd8 56. Ne5 Ke8 57. Nf7 h6 58. Nd6+ Kf8 59. Nf5 Ke8
60. e5 Kf8 61. Kd7 1-0

[Event "Continental Absoluto Americas 2011"]
[Site "Toluca MEX"]
[Date "2011.04.22"]
[Round "5"]
[White "Bluvshtein, Mark"]
[Black "Abreu Delgado, Aryam"]
[Result "1/2-1/2"]
[WhiteElo "2589"]
[BlackElo "2485"]
[PlyCount "57"]
[EventDate "2011.04.14"]
[EventType "swiss"]
[EventRounds "9"]
[EventCountry "MEX"]
[Source "lmi"]
[SourceDate "2011.04.19"]

1. d4 Nf6 2. c4 g6 3. Nc3 d5 4. Qb3 dxc4 5. Qxc4 Bg7 6. e4 O-O 7. Nf3 a6 8. e5
b5 9. Qb3 Nfd7 10. e6 fxe6 11. Be3 Nf6 12. a4 b4 13. Qxb4 Nc6 14. Qa3 Rb8 15.
Bc4 Na5 16. Ba2 Nd5 17. Nxd5 exd5 18. O-O Nc4 19. Bxc4 dxc4 20. Bg5 Bf6 21. Bh6
Re8 22. Rfe1 Qd5 23. Rac1 Bf5 24. Qc3 Bd3 25. b4 Qd6 26. Bd2 Rbd8 27. Be3 Rb8
28. Bd2 Rbd8 29. Be3 1/2-1/2

[Event "Continental Absoluto Americas 2011"]
[Site "Toluca MEX"]
[Date "2011.04.22"]
[Round "5"]
[White "Ortiz Suarez, Isan Reynaldo"]
[Black "Cori Tello, Jorge"]
[Result "0-1"]
[WhiteElo "2543"]
[BlackElo "2485"]
[PlyCount "79"]
[EventDate "2011.04.14"]
[EventType "swiss"]
[EventRounds "9"]
[EventCountry "MEX"]
[Source "lmi"]
[SourceDate "2011.04.19"]

1. d4 d5 2. c4 c6 3. Nf3 Nf6 4. e3 Bf5 5. Nc3 e6 6. Nh4 Bg6 7. Be2 Nbd7 8. O-O
Bd6 9. g3 O-O 10. b3 Qe7 11. Nxg6 hxg6 12. a4 a5 13. Bb2 Rfe8 14. Bf3 Rad8 15.
Qc2 Rc8 16. Rac1 Bb4 17. Na2 Ba3 18. c5 Bxb2 19. Qxb2 Ra8 20. Rc2 e5 21. Rb1
exd4 22. exd4 Nf8 23. b4 Ne6 24. bxa5 Ne4 25. Re2 Qf6 26. Bxe4 Nxd4 27. Bd3
Nxe2+ 28. Bxe2 Qxb2 29. Rxb2 Rxa5 30. Nb4 Rxc5 31. Nd3 Ra5 32. Bg4 Re7 33. Bf3
Rxa4 34. Kg2 Ra5 35. h4 Kf8 36. Re2 Ke8 37. g4 Kd7 38. g5 Kd6 39. Rb2 Ra1 40.
h5 0-1

[Event "Continental Absoluto Americas 2011"]
[Site "Toluca MEX"]
[Date "2011.04.22"]
[Round "6"]
[White "Barrientos, Sergio E"]
[Black "Bruzon Batista, Lazaro"]
[Result "0-1"]
[WhiteElo "2499"]
[BlackElo "2668"]
[PlyCount "44"]
[EventDate "2011.04.14"]
[EventType "swiss"]
[EventRounds "9"]
[EventCountry "MEX"]
[Source "lmi"]
[SourceDate "2011.04.19"]

1. e4 e5 2. Nf3 Nc6 3. Bb5 Nf6 4. O-O Nxe4 5. d4 Nd6 6. dxe5 Nxb5 7. a4 d6 8.
e6 fxe6 9. axb5 Nb4 10. Re1 Be7 11. b6 Nc6 12. Nd4 Nxd4 13. Qxd4 Bf6 14. Qa4+
Bd7 15. Qa3 O-O 16. bxc7 Qxc7 17. c3 Bc6 18. Be3 Be5 19. Nd2 Qf7 20. Nf1 Qg6
21. Ng3 Bxg3 22. hxg3 Qe4 0-1

[Event "Continental Absoluto Americas 2011"]
[Site "Toluca MEX"]
[Date "2011.04.22"]
[Round "6"]
[White "Vescovi, Giovanni"]
[Black "Gurevich, Dmitry"]
[Result "1-0"]
[WhiteElo "2634"]
[BlackElo "2475"]
[PlyCount "100"]
[EventDate "2011.04.14"]
[EventType "swiss"]
[EventRounds "9"]
[EventCountry "MEX"]
[Source "lmi"]
[SourceDate "2011.04.19"]

1. d4 d5 2. c4 e6 3. Nc3 Be7 4. cxd5 exd5 5. Bf4 Nf6 6. e3 O-O 7. Bd3 c5 8. Nf3
Nc6 9. dxc5 Bxc5 10. O-O d4 11. exd4 Nxd4 12. h3 Bf5 13. Bxf5 Nxf5 14. Bg5 Be7
15. Qb3 Qb6 16. Qxb6 axb6 17. g4 Nd6 18. Rfe1 Rfe8 19. Rad1 Bf8 20. Bxf6 Rxe1+
21. Nxe1 gxf6 22. Rd5 Ra5 23. Nc2 f5 24. Ne3 fxg4 25. hxg4 Kg7 26. Kg2 Kg6 27.
Kg3 f6 28. f4 Rxd5 29. Nexd5 b5 30. f5+ Kf7 31. b3 b4 32. Ne2 Ne4+ 33. Kf4 Nd2
34. Ke3 Nf1+ 35. Kf2 Nd2 36. Ng3 Bd6 37. Ke2 Bxg3 38. Kxd2 Bd6 39. Kd3 b5 40.
Ke4 Kg7 41. Kf3 Kf7 42. Kg2 Bc5 43. Kh3 Bd6 44. Kh4 Kg7 45. Kh5 Bf8 46. Nc7 Kf7
47. Nxb5 Bg7 48. a4 bxa3 49. Nxa3 Bf8 50. Nb5 Bg7 1-0

[Event "Continental Absoluto Americas 2011"]
[Site "Toluca MEX"]
[Date "2011.04.22"]
[Round "6"]
[White "Zapata, Alonso"]
[Black "Quesada Perez, Yuniesky"]
[Result "0-1"]
[WhiteElo "2477"]
[BlackElo "2620"]
[PlyCount "74"]
[EventDate "2011.04.14"]
[EventType "swiss"]
[EventRounds "9"]
[EventCountry "MEX"]
[Source "lmi"]
[SourceDate "2011.04.19"]

1. e4 c5 2. Nf3 Nc6 3. d4 cxd4 4. Nxd4 Qc7 5. Nc3 e6 6. g3 a6 7. Bg2 Nf6 8. O-O
d6 9. a4 Be7 10. Kh1 O-O 11. f4 Bd7 12. Nb3 b6 13. g4 h6 14. Be3 Nh7 15. Nc1
Na5 16. Nd3 Nc4 17. Bc1 Rac8 18. Ne2 Bf6 19. Ra2 Bc6 20. b3 Na5 21. Bd2 Bb7 22.
c4 Nc6 23. Be3 Ne7 24. Qd2 Ng6 25. Kg1 Nh4 26. Bh1 e5 27. g5 hxg5 28. fxg5 Be7
29. Qe1 Nxg5 30. Bxg5 Bxg5 31. Qg3 Qe7 32. Nc3 a5 33. Raf2 g6 34. Bg2 Kg7 35.
Bh3 Rb8 36. Bg4 f6 37. h3 Rf7 0-1

[Event "Continental Absoluto Americas 2011"]
[Site "Toluca MEX"]
[Date "2011.04.22"]
[Round "6"]
[White "Martin Del Campo C., Roberto"]
[Black "Bluvshtein, Mark"]
[Result "0-1"]
[WhiteElo "2415"]
[BlackElo "2589"]
[PlyCount "39"]
[EventDate "2011.04.14"]
[EventType "swiss"]
[EventRounds "9"]
[EventCountry "MEX"]
[Source "lmi"]
[SourceDate "2011.04.19"]

1. e4 d6 2. d4 Nf6 3. Nc3 g6 4. f4 Bg7 5. Nf3 O-O 6. e5 Nfd7 7. h4 c5 8. h5
cxd4 9. Qxd4 dxe5 10. Qf2 Nf6 11. hxg6 fxg6 12. fxe5 Nh5 13. Qh4 Nc6 14. Be2
Nxe5 15. Ng5 h6 16. Nge4 Bf5 17. g4 Bxe4 18. Nxe4 Nf4 19. Bxf4 Rxf4 20. Nd2 0-1

[Event "Continental Absoluto Americas 2011"]
[Site "Toluca MEX"]
[Date "2011.04.22"]
[Round "6"]
[White "Cori Tello, Jorge"]
[Black "Lafuente, Pablo"]
[Result "0-1"]
[WhiteElo "2485"]
[BlackElo "2572"]
[PlyCount "77"]
[EventDate "2011.04.14"]
[EventType "swiss"]
[EventRounds "9"]
[EventCountry "MEX"]
[Source "lmi"]
[SourceDate "2011.04.19"]

1. d4 Nf6 2. Nf3 d5 3. c4 e6 4. g3 Bb4+ 5. Bd2 Be7 6. Bg2 O-O 7. O-O c6 8. b3
b6 9. Qc2 Nbd7 10. Bc3 Bb7 11. Nbd2 c5 12. Rfd1 Rc8 13. Qb2 dxc4 14. Nxc4 b5
15. Ba5 Qe8 16. Ne3 b4 17. Nc2 Be4 18. Nfe1 Bxg2 19. Kxg2 Nd5 20. a3 bxa3 21.
Nxa3 cxd4 22. Nb5 e5 23. Nxa7 Ra8 24. Nc6 Bd6 25. Nf3 N7f6 26. Rdc1 Ra6 27. Qc2
Qa8 28. e4 dxe3 29. b4 exf2 30. Kxf2 Bxb4 31. Bxb4 Rxa1 32. Rxa1 Qxa1 33. Bxf8
Ng4+ 34. Ke2 Nge3 35. Ne7+ Kxf8 36. Ng6+ hxg6 37. Qc5+ Ke8 38. Qc8+ Ke7 39.
Qc7+ 0-1

[Event "Continental Absoluto Americas 2011"]
[Site "Toluca MEX"]
[Date "2011.04.22"]
[Round "6"]
[White "Perez Rodriguez, Luis Manuel"]
[Black "Friedel, Joshua E"]
[Result "1/2-1/2"]
[WhiteElo "2483"]
[BlackElo "2529"]
[PlyCount "21"]
[EventDate "2011.04.14"]
[EventType "swiss"]
[EventRounds "9"]
[EventCountry "MEX"]
[Source "lmi"]
[SourceDate "2011.04.19"]

1. e4 e5 2. Nf3 Nc6 3. Bb5 a6 4. Ba4 Nf6 5. O-O Be7 6. Re1 d6 7. c3 Bg4 8. d3
Nd7 9. h3 Bh5 10. Nbd2 Nc5 11. Bc2 1/2-1/2

[Event "Continental Absoluto Americas 2011"]
[Site "Toluca MEX"]
[Date "2011.04.23"]
[Round "7"]
[White "Bruzon Batista, Lazaro"]
[Black "De La Paz Perdomo, Frank"]
[Result "1/2-1/2"]
[WhiteElo "2668"]
[BlackElo "2473"]
[PlyCount "36"]
[EventDate "2011.04.14"]
[EventType "swiss"]
[EventRounds "9"]
[EventCountry "MEX"]
[Source "lmi"]
[SourceDate "2011.04.19"]

1. e4 e5 2. Nf3 Nc6 3. Bb5 Bc5 4. c3 Nf6 5. d3 O-O 6. O-O d6 7. Nbd2 a6 8. Ba4
Ba7 9. h3 Kh8 10. Re1 Ng8 11. Nf1 f5 12. exf5 Bxf5 13. Ng3 Qf6 14. Bg5 Qf7 15.
Bb3 Be6 16. Bxe6 Qxe6 17. d4 Qd5 18. Be3 exd4 1/2-1/2